00447 2200169 4500001002100000005001500021035002000036245008300056100001100139300003000150700001100180700000900191260003100200082001100231084001700242020001800259INLIS00000000000037720260408083506 a0010-042600000513aIn Santa Claus's Castle :bA Faraway Tree Adventure /cOlivia, George dan Fred0 aOlivia a106 hlm. :bilus ;c20 cm0 aGeorge0 aFred aSingapura :bEgmont,c2016 a813.54 a813.54 OLI s a9781405280112